000 00344pab a2200145 454500
008 180718b88-9 xxu||||| |||| 00| 0 eng d
100 _aLong, Donald C.
245 _aReagan's financial management legacy
260 _c88-9
300 _a25-8
362 _aWinter
650 _aFinance, Public - U.S.A.
773 _aBureaucrat
909 _a8949
999 _c8949
_d8949